| 000 | 00425nam a22001697a 4500 | ||
|---|---|---|---|
| 003 | CEME | ||
| 005 | 20210628210603.0 | ||
| 008 | 210210b xxu||||| |||| 00| 0 eng d | ||
| 040 | _c. | ||
| 082 | _a891.4393 AKB | ||
| 100 |
_aAkbar Hamidi _980078 |
||
| 245 | _aChouti dunya bharray loog | ||
| 260 |
_aISLAMABAD _bNATIONAL BOOK FOUNDATION _c1999 |
||
| 300 | _a112P | ||
| 650 |
_aURDU ADAB-FICTION _965375 |
||
| 942 |
_cBK _2ddc |
||
| 999 |
_c585045 _d585045 |
||